| 000 | 00000nam 2200000za 4500 |
| 001 | 9.830552 |
| 003 | CaOODSP |
| 005 | 20221107145544 |
| 007 | cr ||||||||||| |
| 008 | 170406s2017 qucab o f000 0 eng d |
| 020 | |a978-0-660-07238-8 |
| 040 | |aCaOODSP|beng |
| 043 | |an-cn---|an-cn-mb|an-cn-nf|an-cn-nt|an-cn-nu|an-cn-on|an-cn-qu|an-cn-yk|an-cnh-- |
| 086 | 1 |aEn56-240/5-2017E-PDF |
| 245 | 00|aNational marine weather guide |h[electronic resource] : |bArctic regional guide. |
| 260 | |a[Gatineau, QC] : |bEnvironment and Climate Change Canada, |c[2017] |
| 300 | |axiv, 347 p. : |bcol. ill., col maps |
| 500 | |aIssued also in French under title: Guide de météo marine national : guide régional pour l’Arctique. |
| 500 | |aCover title. |
| 692 | 07|2gccst|aMeteorology |
| 692 | 07|2gccst|aWeather forecasts |
| 692 | 07|2gccst|aCoastal waters |
| 692 | 07|2gccst|aOceans |
| 692 | 07|2gccst|aSeas |
| 692 | 07|2gccst|aNorthern Canada |
| 710 | 1 |aCanada. |bEnvironment and Climate Change Canada. |
| 775 | 08|tGuide de météo marine national |w(CaOODSP)9.830554 |
| 856 | 40|qPDF|s124.40 MB|uhttps://publications.gc.ca/collections/collection_2017/eccc/En56-240-5-2017-eng.pdf|zHigh definition version |
| 856 | 40|qPDF|s11.06 MB|uhttps://publications.gc.ca/collections/collection_2017/eccc/En56-240-5-2017-1-eng.pdf|zLow definition version |